Microsystems dynamics / (Record no. 33246)
[ view plain ]
| 000 -LEADER | |
|---|---|
| fixed length control field | 01501cam a22003497a 4500 |
| 001 - CONTROL NUMBER | |
| control field | 16477524 |
| 003 - CONTROL NUMBER IDENTIFIER | |
| control field | OSt |
| 005 - DATE AND TIME OF LATEST TRANSACTION | |
| control field | 20211021103435.0 |
| 008 - FIXED-LENGTH DATA ELEMENTS--GENERAL INFORMATION | |
| fixed length control field | 100927s2011 ne a b 000 0 eng d |
| 010 ## - LIBRARY OF CONGRESS CONTROL NUMBER | |
| LC control number | 2010937993 |
| 020 ## - INTERNATIONAL STANDARD BOOK NUMBER | |
| International Standard Book Number | 9789048197002 |
| 035 ## - SYSTEM CONTROL NUMBER | |
| System control number | (OCoLC)ocn708221590 |
| 038 ## - RECORD CONTENT LICENSOR | |
| Staff Name | Khadija |
| 040 ## - CATALOGING SOURCE | |
| Original cataloging agency | NhCcYBP |
| Transcribing agency | N15 |
| Modifying agency | OIP |
| -- | BTCTA |
| -- | YDXCP |
| -- | OHX |
| -- | PAU |
| -- | DLC |
| 042 ## - AUTHENTICATION CODE | |
| Authentication code | lccopycat |
| 050 00 - LIBRARY OF CONGRESS CALL NUMBER | |
| Classification number | TK7875 |
| Item number | .O78 2011 |
| 082 ## - DEWEY DECIMAL CLASSIFICATION NUMBER | |
| Classification number | 621.381 |
| Author Mark | OST |
| 100 1# - MAIN ENTRY--PERSONAL NAME | |
| Personal name | Ostasevicius, Vytautas. |
| 9 (RLIN) | 83314 |
| 245 10 - TITLE STATEMENT | |
| Title | Microsystems dynamics / |
| Statement of responsibility, etc. | Vytautas Ostasevicius ; Rolanas Dauksevicius. |
| 260 ## - PUBLICATION, DISTRIBUTION, ETC. | |
| Place of publication, distribution, etc. | Dordrecht ; |
| -- | New York : |
| Name of publisher, distributor, etc. | Springer, |
| Date of publication, distribution, etc. | c2011. |
| 300 ## - PHYSICAL DESCRIPTION | |
| Extent | viii, 214 p. : |
| Other physical details | ill. ; |
| Dimensions | 25 cm. |
| 490 1# - SERIES STATEMENT | |
| Series statement | International series on intelligent systems, control and automation : science and engineering ; |
| Volume/sequential designation | v. 44 |
| 504 ## - BIBLIOGRAPHY, ETC. NOTE | |
| Bibliography, etc. note | Includes bibliographical references. |
| 563 ## - BINDING INFORMATION | |
| Binding note | Hardcover |
| 650 #0 - SUBJECT ADDED ENTRY--TOPICAL TERM | |
| Topical term or geographic name entry element | Microelectromechanical systems |
| General subdivision | Dynamics. |
| 9 (RLIN) | 83315 |
| 830 #0 - SERIES ADDED ENTRY--UNIFORM TITLE | |
| Uniform title | International series on intelligent systems, control and automation--science and engineering ; |
| Volume/sequential designation | v. 44. |
| 9 (RLIN) | 83316 |
| 856 42 - ELECTRONIC LOCATION AND ACCESS | |
| Materials specified | Publisher description |
| Uniform Resource Identifier | <a href="http://www.loc.gov/catdir/enhancements/fy1305/2010937993-d.html">http://www.loc.gov/catdir/enhancements/fy1305/2010937993-d.html</a> |
| 856 41 - ELECTRONIC LOCATION AND ACCESS | |
| Materials specified | Table of contents only |
| Uniform Resource Identifier | <a href="http://www.loc.gov/catdir/enhancements/fy1305/2010937993-t.html">http://www.loc.gov/catdir/enhancements/fy1305/2010937993-t.html</a> |
| 906 ## - LOCAL DATA ELEMENT F, LDF (RLIN) | |
| a | 7 |
| b | cbc |
| c | copycat |
| d | 2 |
| e | ncip |
| f | 20 |
| g | y-gencatlg |
| 942 ## - ADDED ENTRY ELEMENTS (KOHA) | |
| Source of classification or shelving scheme | |
| Koha item type | Book |
| Withdrawn status | Lost status | Source of classification or shelving scheme | Damaged status | Not for loan | Permanent Location | Current Location | Shelving location | Date acquired | Full call number | Barcode | Date last seen | Price effective from | Koha item type |
|---|---|---|---|---|---|---|---|---|---|---|---|---|---|
| School of Mechanical & Manufacturing Engineering (SMME) | School of Mechanical & Manufacturing Engineering (SMME) | General Stacks | 01/18/2016 | 621.381 OST | SMME-1987 | 03/29/2018 | 01/18/2016 | Book |
